[Event "Tradewise Gibraltar Chess Festival 2014 "]
[Site "The Caleta Hotel - Gibraltar"]
[Date "2014.02.02"]
[Round "6.60"]
[White "Scharrer, Patrick"]
[Black "Valsecchi, Alessio"]
[Result "1-0"]
[WhiteElo "2220"]
[BlackElo "2418"]
[PlyCount "123"]
[EventDate "2014.01.28"]

1. e4 c5 2. Nf3 e6 3. d3 Nc6 4. g3 d6 5. Bg2 g6 6. O-O Bg7 7. c3 e5 8. a3 a5 9.
a4 Nge7 10. Na3 O-O 11. Nb5 h6 12. Re1 Kh7 13. Nd2 Be6 14. Nc4 d5 15. exd5 Nxd5
16. Qe2 Rb8 17. Be3 b6 18. Rad1 Qd7 19. Bc1 Rfe8 20. Qf3 Red8 21. Qe2 Re8 22.
Qf3 Re7 23. h3 f5 24. Kh2 Bg8 25. Ncd6 Rf8 26. h4 Rf6 27. Nc4 Kh8 28. Kg1 Qe8
29. Nbd6 Qb8 30. Nb5 Re8 31. Bf1 Nde7 32. Qh1 Ref8 33. Bg2 f4 34. Nd2 f3 35.
Bh3 Rd8 36. Ne4 Rff8 37. Re3 Bb3 38. Rde1 Bxa4 39. Na3 Nf5 40. Rxf3 Nce7 41.
Bg2 Bc6 42. g4 Bxe4 43. Rxe4 Nd6 44. Re1 b5 45. Nc2 a4 46. Rxf8+ Rxf8 47. Qh2
b4 48. c4 e4 49. Bf4 Rxf4 50. Qxf4 b3 51. Na3 g5 52. hxg5 Ng6 53. Qh2 Qf8 54.
Bxe4 Nf4 55. Bf5 Nxf5 56. Qxf4 hxg5 57. Qxf5 Qxf5 58. gxf5 Bxb2 59. Nb1 a3 60.
Nxa3 Bxa3 61. Kg2 b2 62. Rb1 1-0

[Event "Tradewise Gibraltar Chess Festival 2014 "]
[Site "The Caleta Hotel - Gibraltar"]
[Date "2014.02.02"]
[Round "6.61"]
[White "Aloma Vidal, Robert"]
[Black "Rowe, Duane"]
[Result "1-0"]
[WhiteElo "2416"]
[BlackElo "2218"]
[PlyCount "83"]
[EventDate "2014.01.28"]

1. d4 Nf6 2. Nf3 e6 3. e3 c5 4. Bd3 Nc6 5. O-O Qc7 6. c4 a6 7. Nc3 Bd6 8. dxc5
Bxc5 9. b3 b6 10. Bb2 Bb7 11. h3 Ne5 12. Be2 Ng6 13. Na4 h5 14. Nxc5 bxc5 15.
Ne1 Nh4 16. f4 Rd8 17. Bd3 d5 18. cxd5 Rxd5 19. Qe2 Nf5 20. Bxf5 exf5 21. Nf3
Qe7 22. Rad1 O-O 23. Bxf6 Qxf6 24. Rxd5 Bxd5 25. Ne5 Qh6 26. Rd1 Be4 27. Qc4
Qe6 28. Qxe6 fxe6 29. Kf2 a5 30. Kg3 a4 31. bxa4 Rc8 32. Nc4 Rb8 33. a5 Rb4 34.
Rd8+ Kh7 35. Nd6 Bd5 36. Kh4 Rb2 37. g3 Rh2 38. Nf7 Kg6 39. Ne5+ Kh7 40. Nd7
Bg2 41. Kg5 g6 42. Nf6+ 1-0

[Event "Tradewise Gibraltar Chess Festival 2014 "]
[Site "The Caleta Hotel - Gibraltar"]
[Date "2014.02.02"]
[Round "6.62"]
[White "Houska, Jovanka"]
[Black "Vea, Odin Blikra"]
[Result "1-0"]
[WhiteElo "2415"]
[BlackElo "2217"]
[PlyCount "35"]
[EventDate "2014.01.28"]

1. d4 Nf6 2. Nf3 g6 3. c4 Bg7 4. g3 O-O 5. Bg2 d6 6. O-O Nc6 7. Nc3 a6 8. Qd3
b5 9. cxb5 Nb4 10. Qc4 Nc2 11. Rb1 axb5 12. Qxb5 Be6 13. a3 Bf5 14. Bf4 Ne4 15.
Nxe4 Bxe4 16. d5 Qb8 17. Qc4 Bf5 18. e4 1-0

[Event "Tradewise Gibraltar Chess Festival 2014 "]
[Site "The Caleta Hotel - Gibraltar"]
[Date "2014.02.02"]
[Round "6.63"]
[White "Gikas, Andreas Basilius"]
[Black "Teran Alvarez, Ismael"]
[Result "1/2-1/2"]
[WhiteElo "2189"]
[BlackElo "2412"]
[PlyCount "115"]
[EventDate "2014.01.28"]

1. e4 e6 2. d4 d5 3. Nc3 Nf6 4. e5 Nfd7 5. f4 c5 6. Nf3 Nc6 7. Be3 Be7 8. Qd2
O-O 9. dxc5 Bxc5 10. Bxc5 Nxc5 11. O-O-O Qa5 12. Kb1 Bd7 13. Qe3 Rac8 14. Nd4
a6 15. h4 Nxd4 16. Rxd4 Qc7 17. Rd2 b5 18. Bd3 b4 19. Ne2 Na4 20. Rh3 Kh8 21.
Rd1 Rb8 22. Rg3 f6 23. h5 f5 24. h6 g6 25. Rg5 Nc3+ 26. Nxc3 bxc3 27. b3 a5 28.
g4 Qb6 29. Qxb6 Rxb6 30. gxf5 exf5 31. a3 Be6 32. Bf1 Rc8 33. Rd4 Kg8 34. Rg3
Kf7 35. Kc1 Rbc6 36. Bg2 Rc5 37. Rgd3 Rd8 38. b4 axb4 39. axb4 Ra8 40. Kd1 Rc7
41. Bxd5 Ra1+ 42. Ke2 Rc1 43. Bxe6+ Kxe6 44. Rd8 Rxc2+ 45. Ke3 Rh2 46. R3d6+
Kf7 47. R8d7+ Rxd7 48. Rxd7+ Ke8 49. Rxh7 Kd8 50. Rh8+ Kd7 51. Rh7+ Kd8 52.
Rh8+ Kc7 53. Rh7+ Kc6 54. Rh8 Kb7 55. Rh7+ Kb6 56. Rh8 Kc7 57. Rh7+ Kc6 58. Rh8
1/2-1/2

[Event "Tradewise Gibraltar Chess Festival 2014 "]
[Site "The Caleta Hotel - Gibraltar"]
[Date "2014.02.02"]
[Round "6.64"]
[White "Savina, Anastasia"]
[Black "Stenzel, Thomas"]
[Result "1-0"]
[WhiteElo "2402"]
[BlackElo "2216"]
[PlyCount "51"]
[EventDate "2014.01.28"]

1. d4 Nf6 2. c4 g6 3. Nc3 Bg7 4. e4 d6 5. Nf3 O-O 6. h3 e5 7. d5 a5 8. g4 Na6
9. Be3 Nd7 10. a3 Qe8 11. Rg1 b6 12. Be2 Ndc5 13. Qc2 Bd7 14. h4 a4 15. Nd2 Qe7
16. g5 Kh8 17. h5 Rg8 18. Rh1 Bf8 19. O-O-O Kg7 20. f4 f6 21. gxf6+ Qxf6 22.
fxe5 dxe5 23. Rdf1 Qd6 24. hxg6 Rh8 25. Bh6+ Kxg6 26. Rfg1+ 1-0

[Event "Tradewise Gibraltar Chess Festival 2014 "]
[Site "The Caleta Hotel - Gibraltar"]
[Date "2014.02.02"]
[Round "6.65"]
[White "Kaczmarczyk, Dennis"]
[Black "Mueller, Leonhard"]
[Result "1-0"]
[WhiteElo "2358"]
[BlackElo "2191"]
[PlyCount "53"]
[EventDate "2014.01.28"]

1. d4 Nf6 2. c4 g6 3. Nc3 Bg7 4. e4 d6 5. f4 c5 6. d5 O-O 7. Nf3 a6 8. a4 e6 9.
Be2 exd5 10. cxd5 Re8 11. e5 dxe5 12. fxe5 Ng4 13. e6 fxe6 14. d6 Nc6 15. O-O
Nge5 16. Ne4 Nxf3+ 17. Bxf3 h6 18. Bh5 Ne5 19. Bxg6 Rf8 20. Bh5 Rxf1+ 21. Qxf1
Qh4 22. Qe2 Bd7 23. g3 Qh3 24. Bf4 Bc6 25. Bxe5 Bxe5 26. Bg4 Bd4+ 27. Kh1 1-0

[Event "Tradewise Gibraltar Chess Festival 2014 "]
[Site "The Caleta Hotel - Gibraltar"]
[Date "2014.02.02"]
[Round "6.66"]
[White "Kvisla, Johannes Luangtep"]
[Black "Kochetkova, Julia"]
[Result "0-1"]
[WhiteElo "2154"]
[BlackElo "2351"]
[PlyCount "76"]
[EventDate "2014.01.28"]

1. e4 c5 2. Nf3 Nc6 3. d4 cxd4 4. Nxd4 e5 5. Nb5 d6 6. c4 a6 7. N5a3 Be7 8. Nc3
f5 9. exf5 Bxf5 10. Bd3 Be6 11. O-O Nf6 12. Bg5 O-O 13. Nc2 Rc8 14. Bxf6 Rxf6
15. Nd5 Bxd5 16. cxd5 Nb8 17. Ne3 g6 18. h4 Nd7 19. h5 Nf8 20. g3 Rf7 21. hxg6
hxg6 22. Kg2 Bg5 23. Ng4 Qa5 24. Qb3 Kg7 25. Rad1 Rc5 26. Be2 Qd8 27. f3 Rfc7
28. Bd3 Nd7 29. f4 exf4 30. gxf4 Nf6 31. Nxf6 Qxf6 32. fxg5 Qxg5+ 33. Kh2 Qh5+
34. Kg1 Qg4+ 35. Kh2 Rc8 36. Qxb7+ R5c7 37. Qxc7+ Rxc7 38. Rd2 Rc8 0-1

[Event "Tradewise Gibraltar Chess Festival 2014 "]
[Site "The Caleta Hotel - Gibraltar"]
[Date "2014.02.02"]
[Round "6.67"]
[White "Wemmers, Xander"]
[Black "Malmdin, Nils-Ake"]
[Result "1-0"]
[WhiteElo "2348"]
[BlackElo "2175"]
[PlyCount "99"]
[EventDate "2014.01.28"]

1. d4 Nf6 2. c4 e6 3. Nc3 Bb4 4. e3 c5 5. Nge2 Nc6 6. a3 Bxc3+ 7. Nxc3 d6 8. d5
exd5 9. cxd5 Ne7 10. Bc4 a6 11. a4 Ng4 12. O-O f5 13. f4 O-O 14. b3 Rb8 15. Qd3
Nf6 16. Rb1 Bd7 17. Bd2 Qe8 18. a5 Qd8 19. Ra1 Qe8 20. Rfb1 Ne4 21. Be1 Nxc3
22. Bxc3 Bb5 23. Re1 Qd7 24. Re2 Ng6 25. g3 Rbe8 26. e4 fxe4 27. Rxe4 Rxe4 28.
Qxe4 Re8 29. Qf3 Qf5 30. Rf1 Qe4 31. Qxe4 Rxe4 32. Re1 Rxe1+ 33. Bxe1 h5 34.
Kf2 Ne7 35. Kf3 Be8 36. b4 cxb4 37. Bxb4 Bf7 38. Bxd6 Nxd5 39. Bd3 Nf6 40. h3
Bd5+ 41. Ke3 Kf7 42. f5 Ke8 43. Kf4 Bg2 44. h4 Bd5 45. Be5 Kf7 46. Be2 Ng4 47.
Bd4 Nf6 48. Bxf6 gxf6 49. Bxh5+ Kg7 50. Bf3 1-0

[Event "Tradewise Gibraltar Chess Festival 2014 "]
[Site "The Caleta Hotel - Gibraltar"]
[Date "2014.02.02"]
[Round "6.68"]
[White "Ben Artzi, Ido"]
[Black "Hagesather, Arne"]
[Result "1-0"]
[WhiteElo "2344"]
[BlackElo "2126"]
[PlyCount "119"]
[EventDate "2014.01.28"]

1. d4 Nf6 2. Nf3 e6 3. e3 d5 4. c4 Bb4+ 5. Nc3 O-O 6. Bd3 c5 7. O-O Bxc3 8.
bxc3 Nc6 9. Qe2 b6 10. a4 Qc7 11. Ba3 Re8 12. Rfd1 Na5 13. Ne5 Ba6 14. Rac1
Rad8 15. Qa2 dxc4 16. Nxc4 Nxc4 17. Bxc4 Bb7 18. f3 Bd5 19. e4 Bc6 20. Qb3 Qf4
21. Rd3 Rc8 22. Rcd1 cxd4 23. cxd4 Qc7 24. Ba6 Rcd8 25. Rc3 Bxa4 26. Rxc7 Bxb3
27. Rd3 Ba4 28. Rxa7 Ra8 29. Rxa8 Rxa8 30. Bc4 b5 31. Ba2 h6 32. Bb4 Bc2 33.
Ra3 Ra4 34. Rxa4 bxa4 35. Kf2 Nd7 36. Ke3 Nb6 37. Kd2 Bb3 38. Bxb3 axb3 39. Kc3
Nc4 40. Kxb3 Ne3 41. g4 f6 42. Kc3 Kf7 43. Kd3 Ng2 44. Bd6 Nh4 45. Ke3 Ng2+ 46.
Ke2 Nh4 47. Ke3 Ng2+ 48. Ke2 Nh4 49. Bg3 Ng6 50. h4 Ke7 51. Kd3 Nh8 52. f4 g6
53. f5 gxf5 54. exf5 exf5 55. gxf5 h5 56. Ke4 Nf7 57. Bf4 Kd7 58. Kd5 Nd8 59.
Bd6 Ke8 60. Bc7 1-0

[Event "Tradewise Gibraltar Chess Festival 2014 "]
[Site "The Caleta Hotel - Gibraltar"]
[Date "2014.02.02"]
[Round "6.69"]
[White "Quintin Navarro, Alberto"]
[Black "Stewart, Ashley"]
[Result "1-0"]
[WhiteElo "2320"]
[BlackElo "2038"]
[PlyCount "111"]
[EventDate "2014.01.28"]

1. d4 Nf6 2. Nf3 e6 3. c4 b6 4. a3 Ba6 5. Qc2 Bb7 6. Nc3 c5 7. dxc5 Bxc5 8. Bf4
Nh5 9. Be5 Nc6 10. Bg3 Nxg3 11. hxg3 h6 12. e3 a6 13. Rd1 Qc7 14. Be2 Ne5 15.
Nxe5 Qxe5 16. Bf3 Bxf3 17. gxf3 Be7 18. Qa4 Qc7 19. O-O h5 20. Nb5 Qb7 21. Nd6+
Bxd6 22. Rxd6 h4 23. e4 hxg3 24. fxg3 Qc7 25. Rfd1 Rd8 26. b4 a5 27. Qb5 axb4
28. axb4 g6 29. g4 Qa7 30. Kg2 Qa2+ 31. R6d2 Qa7 32. c5 bxc5 33. bxc5 Qc7 34.
Rd6 Ke7 35. Qb4 Qa7 36. Kg3 Qc7 37. e5 Rb8 38. Qf4 Rh7 39. Rxd7+ Qxd7 40. Rxd7+
Kxd7 41. Qd4+ Ke8 42. c6 Rd8 43. Qa4 Kf8 44. c7 Rc8 45. Qd7 Rxc7 46. Qxc7 Kg7
47. Kf4 Rh1 48. Kg5 Rf1 49. f4 Rf3 50. Qb7 Rf2 51. Qh1 Kf8 52. Qg1 Rf3 53. Qg2
Rb3 54. Kf6 Kg8 55. Qa8+ Kh7 56. Qf8 1-0

[Event "Tradewise Gibraltar Chess Festival 2014 "]
[Site "The Caleta Hotel - Gibraltar"]
[Date "2014.02.02"]
[Round "6.70"]
[White "Mihajlov, Svetoslav"]
[Black "Fuchs, Judith"]
[Result "0-1"]
[WhiteElo "2112"]
[BlackElo "2315"]
[PlyCount "80"]
[EventDate "2014.01.28"]

1. d4 Nf6 2. c4 g6 3. Nc3 Bg7 4. e4 d6 5. f3 a6 6. a4 a5 7. Bg5 Nc6 8. d5 Nb4
9. Qd2 O-O 10. Ra3 Nd7 11. Nh3 Nc5 12. Nf2 Bd7 13. Be2 Qe8 14. Nb5 Rc8 15. Bd1
c6 16. Nc3 cxd5 17. cxd5 Nba6 18. O-O Kh8 19. f4 h6 20. Bh4 Kh7 21. Re1 Nb4 22.
e5 dxe5 23. fxe5 Bf5 24. Nb5 g5 25. Bxg5 hxg5 26. Qxg5 Qd7 27. Bg4 Bxg4 28.
Nxg4 Ncd3 29. e6 fxe6 30. Qh4+ Kg8 31. Nh6+ Bxh6 32. Qxh6 Rf6 33. Qg5+ Kf8 34.
Qh4 Qxd5 35. Qh8+ Kf7 36. Qxc8 Qf5 37. h3 Qf2+ 38. Kh2 Qf4+ 39. Kh1 Nxe1 40.
Qxb7 Nd5 0-1

[Event "Tradewise Gibraltar Chess Festival 2014 "]
[Site "The Caleta Hotel - Gibraltar"]
[Date "2014.02.02"]
[Round "6.71"]
[White "Kobo, Ori"]
[Black "Baert, Andy"]
[Result "1-0"]
[WhiteElo "2298"]
[BlackElo "2104"]
[PlyCount "67"]
[EventDate "2014.01.28"]

1. d4 Nf6 2. c4 e6 3. g3 d5 4. Nf3 Bb4+ 5. Bd2 Be7 6. Bg2 c6 7. Qc2 Nbd7 8. O-O
b6 9. Bf4 Ba6 10. cxd5 cxd5 11. Ne5 Nxe5 12. dxe5 Nd7 13. Rd1 Rc8 14. Nc3 O-O
15. e4 d4 16. Rxd4 Qc7 17. Rad1 Rfd8 18. h4 h6 19. h5 Nc5 20. Bf1 Rxd4 21. Rxd4
Bxf1 22. Kxf1 a6 23. Qd1 b5 24. b4 Nb7 25. Rd7 Qc4+ 26. Qe2 Bxb4 27. Qxc4 bxc4
28. Nd5 exd5 29. Rxb7 Ba3 30. exd5 c3 31. d6 c2 32. Rc7 Rd8 33. Rxc2 f6 34. e6
1-0

[Event "Tradewise Gibraltar Chess Festival 2014 "]
[Site "The Caleta Hotel - Gibraltar"]
[Date "2014.02.02"]
[Round "6.72"]
[White "Amgalanbaatar, Ravdanlkhumbuu"]
[Black "Larino Nieto, David"]
[Result "0-1"]
[WhiteElo "2137"]
[BlackElo "2465"]
[PlyCount "56"]
[EventDate "2014.01.28"]

1. d3 b5 2. e4 Bb7 3. Nf3 e6 4. Nbd2 a6 5. g3 c5 6. Bg2 Nc6 7. c3 d5 8. Qe2
dxe4 9. dxe4 c4 10. O-O Bc5 11. Rd1 Qc7 12. Nf1 Nf6 13. Bg5 Ng4 14. Nd4 h5 15.
Ne3 Nxh2 16. Kxh2 h4 17. Bh3 hxg3+ 18. fxg3 Qe5 19. Nf3 Qxe4 20. Qd2 O-O 21.
Qc2 Qxf3 22. Bg4 Ne5 23. Bxf3 Nxf3+ 24. Kh3 Nxg5+ 25. Kg4 Bxe3 26. Re1 f5+ 27.
Kh5 Kf7 28. Rxe3 Kf6 0-1

[Event "Tradewise Gibraltar Chess Festival 2014 "]
[Site "The Caleta Hotel - Gibraltar"]
[Date "2014.02.02"]
[Round "6.73"]
[White "Weichelt, Jens"]
[Black "Tania, Sachdev"]
[Result "0-1"]
[WhiteElo "2116"]
[BlackElo "2442"]
[PlyCount "56"]
[EventDate "2014.01.28"]

1. d4 Nf6 2. c4 e6 3. Nf3 b6 4. g3 Bb7 5. Bg2 Be7 6. Nc3 O-O 7. Qc2 c5 8. d5
exd5 9. Nh4 b5 10. Nxb5 Bc6 11. O-O dxc4 12. Bxc6 Nxc6 13. Qxc4 d5 14. Qa4 Qd7
15. Nf3 Rab8 16. Nc3 Rb4 17. Qc2 Qh3 18. Ng5 Qh5 19. Kg2 d4 20. Nce4 Nd7 21.
Nh3 Nde5 22. f3 c4 23. Nf4 Qf5 24. b3 d3 25. exd3 cxd3 26. Nxd3 Rxe4 27. Nxe5
Rxe5 28. Qxf5 Rxf5 0-1

[Event "Tradewise Gibraltar Chess Festival 2014 "]
[Site "The Caleta Hotel - Gibraltar"]
[Date "2014.02.02"]
[Round "6.74"]
[White "Duff, Rufus"]
[Black "Nezad, Husein Aziz"]
[Result "1/2-1/2"]
[WhiteElo "2113"]
[BlackElo "2372"]
[PlyCount "153"]
[EventDate "2014.01.28"]

1. e4 e5 2. Nf3 Nc6 3. Bb5 a6 4. Ba4 Nf6 5. O-O b5 6. Bb3 Bc5 7. a4 Rb8 8. axb5
axb5 9. Nxe5 Nxe5 10. d4 Bxd4 11. Qxd4 d6 12. f4 Nc6 13. Qc3 Ne7 14. Qd3 O-O
15. Nc3 c5 16. Nxb5 Nxe4 17. Qxe4 Rxb5 18. Ra7 Nf5 19. Bc4 Ra5 20. Rxa5 Qxa5
21. c3 h5 22. Be3 Bd7 23. Bf2 Rb8 24. Qf3 g6 25. Rb1 Qc7 26. Qd3 Bc6 27. b4 Qb7
28. Qf1 h4 29. h3 Be4 30. Ra1 Qc7 31. bxc5 dxc5 32. Qc1 Rd8 33. Bf1 Bd3 34.
Bxd3 Rxd3 35. c4 Qd6 36. Kh2 Rd2 37. Bxc5 Qxf4+ 38. Kg1 Kh7 39. Qe1 Rc2 40. Bf2
Qxc4 41. Qe5 Qe2 42. Qf4 Qd2 43. Qf3 Qc3 44. Qxc3 Rxc3 45. Ra2 g5 46. Kf1 Kg6
47. Ke2 f6 48. Rb2 Ne7 49. Rd2 Kf5 50. Rd6 Rc2+ 51. Kf3 Nc6 52. Bd4 Ne5+ 53.
Bxe5 fxe5 54. g4+ hxg3 55. Kxg3 Rc3+ 56. Kg2 e4 57. Rd8 Rc5 58. Kf2 Rc2+ 59.
Kg3 Rc3+ 60. Kg2 Rc5 61. Kg3 Ke5 62. Kg4 Rd5 63. Ra8 Kd4 64. h4 gxh4 65. Kf4 h3
66. Ra4+ Kd3 67. Rxe4 Rh5 68. Re1 h2 69. Rh1 Ke2 70. Kg3 Rg5+ 71. Kh3 Kf3 72.
Rf1+ Ke2 73. Rh1 Rh5+ 74. Kg3 Rg5+ 75. Kh3 Kf2 76. Rxh2+ Kf3 77. Kh4 1/2-1/2

[Event "Tradewise Gibraltar Chess Festival 2014 "]
[Site "The Caleta Hotel - Gibraltar"]
[Date "2014.02.02"]
[Round "6.75"]
[White "Compton, Alistair"]
[Black "Gaehwiler, Gabriel"]
[Result "0-1"]
[WhiteElo "2105"]
[BlackElo "2332"]
[PlyCount "100"]
[EventDate "2014.01.28"]

1. e4 c5 2. f4 d5 3. exd5 Nf6 4. Bb5+ Nbd7 5. c4 g6 6. Nf3 Bg7 7. O-O O-O 8.
Bxd7 Bxd7 9. Nc3 e6 10. dxe6 Bxe6 11. d3 Bf5 12. Ne5 Nd7 13. Nxd7 Qxd7 14. Nd5
Be6 15. f5 Bxd5 16. f6 Bxf6 17. Rxf6 Bxc4 18. Be3 Bxd3 19. Bxc5 Rfe8 20. Rd6
Qf5 21. Rxd3 Qxc5+ 22. Kh1 Rac8 23. Rc3 Qf2 24. Rxc8 Rxc8 25. Qd7 Rc2 26. Qxb7
Rxb2 27. Qc8+ Kg7 28. Qc3+ Kh6 29. Qh3+ Kg5 30. Qg3+ Qxg3 31. hxg3 Kg4 32. Kh2
Rb5 33. Rf1 Rh5+ 34. Kg1 Rf5 35. Rb1 Kxg3 36. Rb3+ Kg4 37. Ra3 a5 38. Ra4+ Kg5
39. Kh2 Rc5 40. Rd4 h5 41. Re4 f5 42. Ra4 Kf6 43. Kh3 g5 44. Kh2 f4 45. Kh3 Kf5
46. Kh2 Kg4 47. Ra3 Kf5 48. Ra4 g4 49. Rd4 g3+ 50. Kh3 Rc1 0-1

[Event "Tradewise Gibraltar Chess Festival 2014 "]
[Site "The Caleta Hotel - Gibraltar"]
[Date "2014.02.02"]
[Round "6.76"]
[White "Buchal, Stephan"]
[Black "Allor, Chukwuka"]
[Result "0-1"]
[WhiteElo "2324"]
[BlackElo "2138"]
[PlyCount "98"]
[EventDate "2014.01.28"]

1. g3 e5 2. c4 Nf6 3. Bg2 Nc6 4. Nc3 g6 5. e4 Bg7 6. Nge2 O-O 7. O-O d6 8. d3
Nd7 9. Be3 Nc5 10. Qd2 Ne6 11. f4 exf4 12. Nxf4 Ncd4 13. Rf2 c6 14. Raf1 a6 15.
Nxe6 Bxe6 16. Bg5 Qd7 17. Bf6 Bxf6 18. Rxf6 Kg7 19. h4 Rae8 20. h5 b5 21. b3
Bg4 22. Qf4 Re5 23. c5 g5 24. h6+ Kg8 25. Qe3 dxc5 26. R1f5 Rxf5 27. exf5 Bxf5
28. Qxg5+ Bg6 29. Kh2 Ne6 30. Qe5 Qd4 31. Qxd4 cxd4 32. Ne4 c5 33. Rf1 f5 34.
Nf2 Rd8 35. Bb7 Rd6 36. Bc8 Kf7 37. Ne4 Rc6 38. Bd7 Rc7 39. Bxe6+ Kxe6 40. Nd2
Kd6 41. Nf3 f4 42. gxf4 Bxd3 43. Re1 Re7 44. Rxe7 Kxe7 45. Kg3 Be4 46. Ne5 Bd5
47. f5 c4 48. bxc4 bxc4 49. Kf2 Kf6 0-1

[Event "Tradewise Gibraltar Chess Festival 2014 "]
[Site "The Caleta Hotel - Gibraltar"]
[Date "2014.02.02"]
[Round "6.77"]
[White "Pabalan, Rocky"]
[Black "Chapman, Terry P D"]
[Result "0-1"]
[WhiteElo "2103"]
[BlackElo "2304"]
[PlyCount "70"]
[EventDate "2014.01.28"]

1. d4 d6 2. Nf3 g6 3. Bf4 Bg7 4. e3 Nd7 5. c3 e5 6. Bg3 Qe7 7. Be2 Ngf6 8. Na3
O-O 9. O-O e4 10. Nd2 b6 11. Nb5 Ne8 12. Qb3 c6 13. Na3 Kh8 14. c4 f5 15. f4
Nc7 16. Qa4 Bb7 17. b4 c5 18. Nc2 Rfd8 19. Nb3 b5 20. Qa5 bxc4 21. Qxc7 cxb3
22. axb3 Bd5 23. Ra6 Bxb3 24. Na1 Bg8 25. Nc2 Bb3 26. Na1 Bg8 27. dxc5 dxc5 28.
Rd1 cxb4 29. Be1 b3 30. Bb5 Qc5 31. Qa5 b2 32. Bxd7 Qxa5 33. Rxa5 Rxd7 34. Rb1
Rc7 35. Bd2 Rd8 0-1

[Event "Tradewise Gibraltar Chess Festival 2014 "]
[Site "The Caleta Hotel - Gibraltar"]
[Date "2014.02.02"]
[Round "6.78"]
[White "Kandic, Milan"]
[Black "Wahlbom, Magnus"]
[Result "0-1"]
[WhiteElo "2080"]
[BlackElo "2297"]
[PlyCount "96"]
[EventDate "2014.01.28"]

1. e4 e6 2. Nf3 c5 3. d4 cxd4 4. Nxd4 Nf6 5. Nc3 d6 6. Be2 Nc6 7. Be3 Be7 8.
O-O O-O 9. f4 Bd7 10. Kh1 a6 11. Qe1 Nxd4 12. Bxd4 Bc6 13. Qg3 g6 14. Bf3 Rc8
15. Rad1 Qc7 16. e5 Ne8 17. f5 exf5 18. Bxc6 bxc6 19. Rxf5 d5 20. Rf3 Ng7 21.
Rdf1 Ne6 22. Bg1 Rb8 23. b3 Bg5 24. h4 Bh6 25. Bh2 Bg7 26. h5 Rbe8 27. hxg6
fxg6 28. Rxf8+ Nxf8 29. Re1 Ne6 30. Qg4 Qa5 31. b4 Qa3 32. Nb1 Qxa2 33. c3 Qc2
34. Qe2 Qxe2 35. Rxe2 Kf7 36. Ra2 Nc7 37. e6+ Rxe6 38. Bxc7 Re1+ 39. Kh2 Rxb1
40. Rxa6 Bxc3 41. Rxc6 Bxb4 42. Rb6 Rc1 43. Rb7 Ke6 44. Bf4 Rc4 45. g3 h5 46.
Kh3 Be7 47. Rb1 g5 48. Be3 Rc2 0-1

[Event "Tradewise Gibraltar Chess Festival 2014 "]
[Site "The Caleta Hotel - Gibraltar"]
[Date "2014.02.02"]
[Round "6.79"]
[White "Suez-Panama, Gilles"]
[Black "Lederman, Leon"]
[Result "0-1"]
[WhiteElo "2071"]
[BlackElo "2257"]
[PlyCount "80"]
[EventDate "2014.01.28"]

1. Nf3 d5 2. b3 Bf5 3. Bb2 e6 4. e3 h6 5. Be2 Nf6 6. Ne5 a5 7. a3 Be7 8. d4 O-O
9. O-O c5 10. Nc3 cxd4 11. exd4 Nc6 12. Nb5 a4 13. b4 Qb6 14. Rc1 Rfd8 15. Nxc6
bxc6 16. Nc3 Ne8 17. Kh1 Nd6 18. Ra1 Bf6 19. Nb1 Nb5 20. c3 e5 21. dxe5 Bxe5
22. Bd3 Bxd3 23. Qxd3 c5 24. Nd2 cxb4 25. axb4 a3 26. Rae1 Bf6 27. Ba1 Rac8 28.
Rc1 Qc6 29. Nb3 Qc4 30. Qxc4 Rxc4 31. Na5 Rc7 32. c4 Bxa1 33. Rxa1 dxc4 34.
Rfc1 c3 35. Nb3 Rc4 36. Na5 Rf4 37. f3 Rd2 38. Nb3 Rb2 39. Nc5 Rfxb4 40. Nd3
Rd4 0-1

[Event "Tradewise Gibraltar Chess Festival 2014 "]
[Site "The Caleta Hotel - Gibraltar"]
[Date "2014.02.02"]
[Round "6.80"]
[White "Nicolas Zapata, Irene"]
[Black "Samu, Sorin-Mihai"]
[Result "1-0"]
[WhiteElo "2249"]
[BlackElo "2131"]
[PlyCount "69"]
[EventDate "2014.01.28"]

1. d4 Nf6 2. Nf3 b6 3. e3 Bb7 4. Bd3 d6 5. O-O Nbd7 6. c4 g6 7. b3 Bg7 8. Bb2
O-O 9. Nc3 Re8 10. Qe2 e5 11. dxe5 dxe5 12. Bc2 e4 13. Nd4 a6 14. b4 Qe7 15. a3
Ne5 16. Rad1 h5 17. h3 Rad8 18. Nb3 Qe6 19. c5 Nf3+ 20. Kh1 Qe5 21. gxf3 exf3
22. Qc4 Ng4 23. hxg4 Qg5 24. Qf4 Qh4+ 25. Qh2 Qxg4 26. Rg1 Rxd1 27. Nxd1 Qc4
28. Bxg7 Kxg7 29. Nd4 bxc5 30. bxc5 Be4 31. Bb3 Qd3 32. Qxc7 Bf5 33. Qxf7+ Kh6
34. Qxe8 Qe4 35. Qh8# 1-0

[Event "Tradewise Gibraltar Chess Festival 2014 "]
[Site "The Caleta Hotel - Gibraltar"]
[Date "2014.02.02"]
[Round "6.81"]
[White "Sanchez Botella, Luis Javier"]
[Black "Dasaolu, Rotimi"]
[Result "1-0"]
[WhiteElo "2241"]
[BlackElo "2077"]
[PlyCount "85"]
[EventDate "2014.01.28"]

1. Nf3 c5 2. c4 Nf6 3. Nc3 b6 4. g3 Bb7 5. Bg2 g6 6. O-O Bg7 7. b3 O-O 8. Bb2
d6 9. d4 cxd4 10. Qxd4 Ne4 11. Qd3 Nd7 12. Rad1 Ndc5 13. Qc2 Nxc3 14. Bxc3 Qc7
15. Bxg7 Kxg7 16. Rfe1 Be4 17. Qc3+ Kg8 18. h4 Rac8 19. Bh3 Rcd8 20. Nd2 Bb7
21. e4 Bc8 22. Bg2 Bg4 23. f3 Bc8 24. Nf1 a5 25. Ne3 Be6 26. Kh2 Rb8 27. Bf1
Rfe8 28. Rd2 Nd7 29. Qc1 Qc5 30. a4 Rbc8 31. Qd1 Kg7 32. Ng2 Ne5 33. Be2 Kg8
34. Rf1 h5 35. f4 Ng4+ 36. Bxg4 Bxg4 37. Qe1 Qc6 38. f5 Qc5 39. Ne3 gxf5 40.
Nxg4 fxg4 41. Rd5 Qa3 42. Rg5+ Kf8 43. Rxf7+ 1-0

[Event "Tradewise Gibraltar Chess Festival 2014 "]
[Site "The Caleta Hotel - Gibraltar"]
[Date "2014.02.02"]
[Round "6.82"]
[White "Biegel, Thomas"]
[Black "Berry, Neil"]
[Result "1/2-1/2"]
[WhiteElo "2059"]
[BlackElo "2227"]
[PlyCount "103"]
[EventDate "2014.01.28"]

1. Nf3 Nf6 2. c4 e6 3. g3 d5 4. Bg2 dxc4 5. Qa4+ c6 6. Qxc4 b5 7. Qc2 Bb7 8.
O-O a6 9. d3 Nbd7 10. a4 Be7 11. Nc3 O-O 12. Rd1 Qb6 13. Be3 c5 14. axb5 axb5
15. b3 Rfc8 16. Bg5 h6 17. Bxf6 Bxf6 18. Rxa8 Rxa8 19. Nd2 Bxg2 20. Kxg2 Ra3
21. Ndb1 Ra1 22. Ne4 Be5 23. Nbc3 Rxd1 24. Nxd1 f5 25. Nd2 Qa5 26. Nf3 Bf6 27.
h4 Qb4 28. Nd2 Ne5 29. Nf3 Nc6 30. e3 Na5 31. Nd2 Kh7 32. Kg1 Qg4 33. Kf1 Nc6
34. Ke1 Nb4 35. Qb1 Qh3 36. Nf1 Qg2 37. Ke2 Qd5 38. Nd2 Kg8 39. e4 Qd6 40. f4
e5 41. Ne3 exf4 42. Nxf5 Qf8 43. gxf4 g6 44. Qg1 Kh7 45. Ne3 Qd6 46. Nd5 Nxd5
47. exd5 Qxd5 48. Qg4 Qf5 49. Qxf5 gxf5 50. h5 Kg7 51. b4 cxb4 52. Nb3 1/2-1/2

[Event "Tradewise Gibraltar Chess Festival 2014 "]
[Site "The Caleta Hotel - Gibraltar"]
[Date "2014.02.02"]
[Round "6.83"]
[White "Semprun Martinez, Fernando"]
[Black "Freuler, Roman"]
[Result "1/2-1/2"]
[WhiteElo "2227"]
[BlackElo "2048"]
[PlyCount "152"]
[EventDate "2014.01.28"]

1. e4 c5 2. Nf3 d6 3. d4 cxd4 4. Nxd4 Nf6 5. Nc3 Nc6 6. Bg5 e6 7. Qd2 Be7 8.
O-O-O Qb6 9. Nb3 O-O 10. h4 Rd8 11. Kb1 Rd7 12. f3 Qd8 13. Qe1 h6 14. f4 Kf8
15. Bxf6 Bxf6 16. g4 g5 17. hxg5 hxg5 18. fxg5 Bxc3 19. Qxc3 Qxg5 20. Be2 a6
21. Rh5 Qg6 22. g5 Ke7 23. Rg1 Kd8 24. Nd2 Kc7 25. Rh6 Qg8 26. g6 fxg6 27.
Rgxg6 Qf7 28. Rxe6 Qf2 29. Bd1 Qd4 30. Qxd4 Nxd4 31. Reg6 b5 32. c3 Nc6 33. Bg4
Rd8 34. Rg7+ Kb6 35. Bxc8 Raxc8 36. Rgg6 Kc7 37. Nf3 Nb8 38. Nd4 Rd7 39. Kc2
Re8 40. Ne6+ Kb7 41. e5 Ka7 42. exd6 Rxd6 43. b4 Re7 44. Kb3 Nd7 45. Nd4 Rxg6
46. Rxg6 Kb7 47. Rd6 Nb6 48. Ne6 Na4 49. c4 Nb6 50. cxb5 axb5 51. Nd4 Ka6 52.
Kc2 Rd7 53. Rxd7 Nxd7 54. Kd3 Kb6 55. Ke4 Nf6+ 56. Ke5 Ng4+ 57. Kd6 Ne3 58. Kd7
Nd5 59. a3 Ne3 60. Ke6 Nc4 61. Nc2 Kc6 62. Ke7 Kc7 63. Ke8 Nd6+ 64. Kf8 Nc4 65.
Ke7 Kc6 66. Ke6 Nd2 67. Nd4+ Kb6 68. Kd5 Nb1 69. Nc2 Nd2 70. Ne3 Nb1 71. Kd6
Nxa3 72. Nd5+ Ka6 73. Kc6 Ka7 74. Nc7 Nc2 75. Nxb5+ Kb8 76. Kc5 Nxb4 1/2-1/2